000150293 001__ 150293 000150293 005__ 20250203102622.0 000150293 020__ $$a9788491109365 000150293 037__ $$aBOOK-2025-277 000150293 041__ $$aspa 000150293 100__ $$aGimeno Feliu, Luis Andrés$$b 000150293 245__ $$aProblemas de salud en las personas inmigrantes 000150293 250__ $$a1ª ed. 000150293 260__ $$aMadrid$$bEditorial Médica Panamericana$$c2022 000150293 300__ $$a325-336 000150293 506__ $$aall-rights-reserved 000150293 540__ $$9info:eu-repo/semantics/openAccess 000150293 700__ $$aGispert Uriach, B. de $$b 000150293 773__ $$tManual de Medicina Familiar y Comunitaria 000150293 8560_ $$fagroca@unizar.es 000150293 8564_ $$s250763$$uhttps://zaguan.unizar.es/record/150293/files/BOOK-2025-277.pdf$$ySin acceso$$zSin acceso 000150293 909CO $$ooai:zaguan.unizar.es:150293$$pbooks 000150293 980__ $$aBOOK$$bCAPITULOS$$b